|
|
|
|
| LEADER |
00842cam a2200229 7i4500 |
| 001 |
0000037431 |
| 005 |
20170218090000.0 |
| 008 |
110407 eng |
| 020 |
|
|
|a 9782080301147 (hbk.)
|
| 020 |
|
|
|a 2080301144 (hbk.)
|
| 040 |
|
|
|a DLC
|
| 090 |
0 |
0 |
|a TR820.6
|b .D47 2009
|
| 100 |
1 |
|
|a Desquesnes, Remy
|
| 245 |
1 |
0 |
|a Witness :
|b Magnum photographs from the front line of World War II
|c Remy Desquesnes ; foreword by James A. Fox.
|
| 260 |
|
|
|a Paris:
|b Flammarion,
|c 2009.
|
| 300 |
|
|
|a 190 p.:
|b ill.;
|c 25 x 31 cm.
|
| 504 |
|
|
|a Includes bibliographical references
|
| 650 |
0 |
0 |
|a War photography
|
| 650 |
0 |
0 |
|a World War, 1939-194
|
| 997 |
|
|
|a Communication, Visual Art & Computing, Faculty
|b Visual Art, Department
|
| 998 |
|
|
|a Photographic Technology, Diploma
|
| 999 |
|
|
|a 0000049445
|b BOK
|c OPEN SHELF
|e 2nd Floor, Bestari Jaya
|